Sports Quiz

Random Sports or Numbers Quiz

NBA Playoffs Top 10 (2000s) Quiz Stats

 Plays Quiz Updated May 7, 2016

Challenge
Share
Tweet
Embed
Score 0/50 Timer 05:00
1 Play Today
Stat Player % Correct
PointsKobe Bryant
97.6%
ReboundsKobe Bryant
97.6%
AssistsKobe Bryant
97.6%
StealsKobe Bryant
97.6%
BlocksKobe Bryant
97.6%
PointsShaquille O'Neal
94.5%
ReboundsShaquille O'Neal
94.5%
BlocksShaquille O'Neal
94.4%
PointsLeBron James
93.7%
AssistsLeBron James
93.7%
PointsAllen Iverson
88.8%
AssistsAllen Iverson
88.8%
StealsAllen Iverson
88.8%
BlocksJermaine O'Neal
88.8%
PointsTim Duncan
88.8%
ReboundsTim Duncan
88.7%
AssistsTim Duncan
88.7%
BlocksTim Duncan
88.7%
PointsTony Parker
79.1%
AssistsTony Parker
79.1%
AssistsSteve Nash
79%
ReboundsKevin Garnett
77.3%
ReboundsJason Kidd
76.8%
AssistsJason Kidd
76.8%
StealsJason Kidd
76.8%
Stat Player % Correct
PointsDirk Nowitzki
74.1%
ReboundsDirk Nowitzki
74%
StealsDirk Nowitzki
74%
BlocksDirk Nowitzki
74%
ReboundsBen Wallace
67.3%
StealsBen Wallace
67.3%
BlocksBen Wallace
67.3%
PointsRasheed Wallace
67.1%
ReboundsRasheed Wallace
67.1%
BlocksRasheed Wallace
67.1%
AssistsManu Ginobili
65%
StealsManu Ginobili
65%
PointsChauncey Billups
64.2%
AssistsChauncey Billups
64.2%
StealsChauncey Billups
64.2%
PointsRichard Hamilton
54.2%
AssistsRichard Hamilton
54.2%
StealsRichard Hamilton
54.2%
BlocksPau Gasol
49.5%
StealsDerek Fisher
43.5%
BlocksDikembe Mutombo
42.7%
ReboundsShawn Marion
31.5%
ReboundsRobert Horry
29.3%
StealsRobert Horry
29.3%
BlocksRobert Horry
29.3%

You're not logged in!

Compare scores with friends on all Sporcle quizzes.
Join for Free
OR
Log In

You Might Also Like...

Show Comments

Extras

Top Quizzes Today


Score Distribution

Your Account Isn't Verified!

In order to create a playlist on Sporcle, you need to verify the email address you used during registration. Go to your Sporcle Settings to finish the process.

Report this User

Report this user for behavior that violates our Community Guidelines.

Details: